00477nam a2200157Ia 4500001001000000003000500010008004100015010001100056040000900067082001900076100003200095245008500127260005400212300001100266650004200277Para_1991CHAP220125s1997 xx 000 0 und d a200586 cCHAP aPA 595.701 L53 aLlanderal Cázares, Celina aIntroducción a la fisiología de insectos /c por Celina Llanderal Cázares aMontecillos, Méx. :b Colegio de Postgraduados a170 p. aInsectos x anatomía y fisiología